000 00604nam a2200169Ia 4500
008 260520s2024 xx 000 0 und d
020 _a978-93-93599-67-4
041 _amar
082 _a947.01/PAN
100 _aपानसरे, मेघा
245 _aरशिया : युरेशियन भूमी आणि संस्कृती
250 _a1st ed
260 _aमुंबई
_bमहाराष्ट्र राज्य साहित्य आणि संस्कृती मंडळ
_c2024
300 _a464p.
500 _aCat No: 15196
650 _aHISTORY
999 _c1221920
_d1221920